[Event "Czechia KP-chTB 0607"]
[Site "Czech Republic"]
[Date "2006.11.26"]
[Round "3.7"]
[White "Vrkota, Milos"]
[Black "Krepelka, Petr"]
[Result "0-1"]
[WhiteElo "2074"]
[BlackElo "1597"]
[PlyCount "94"]
[EventDate "2006.10.29"]
[EventType "team"]
[EventRounds "11"]
[EventCountry "CZE"]
[SourceTitle "EXT 2008"]
[Source "ChessBase"]
[SourceDate "2007.11.25"]
[SourceVersion "1"]
[SourceVersionDate "2007.11.25"]
[SourceQuality "1"]
[WhiteTeam "Kutna Hora"]
[BlackTeam "Kutna Hora"]
[WhiteTeamCountry "CZE"]
[BlackTeamCountry "CZE"]

1. e4 c5 2. Nc3 d6 3. f4 Nf6 4. Bc4 Bg4 5. Nf3 e6 6. 0-0 Be7 7. h3 Bxf3 8. Qxf3 Nc6 9. Bb5 Qc7 10. e5 Nd7 11. exd6 Qxd6 12. Bxc6 Qxc6 13. Qxc6 bxc6 14. d3 0-0 15. Ne4 h6 16. Be3 Rab8 17. b3 a6 18. f5 exf5 19. Rxf5 g6 20. Rf2 Kg7 21. Bf4 Ra8 22. Re1 f5 23. Nd6 Bxd6 24. Bxd6 Rfe8 25. Rfe2 Rxe2 26. Rxe2 Rd8 27. Kf2 Kf7 28. Re7+ Kf6 29. Rh7 Ke6 30. Bf4 h5 31. Bg5 Re8 32. Rg7 Nf8 33. Ra7 Kd5 34. Rxa6 Ne6 35. Bf6 Nf4 36. Kf3 Ne6 37. Ra7 Kd6 38. a3 Nc7 39. Bh4 Ne6 40. Bg3+ f4 41. Bf2 g5 42. Rh7 g4+ 43. hxg4 hxg4+ 44. Kxg4 Rg8+ 45. Kf5 Rg5+ 46. Ke4 Re5+ 47. Kf3 Ng5+ 0-1